Daughter of the east (Record no. 5193)
[ view plain ]
| 000 -LEADER | |
|---|---|
| fixed length control field | 00362nam a2200157Ia 4500 |
| 008 - FIXED-LENGTH DATA ELEMENTS--GENERAL INFORMATION | |
| fixed length control field | 230711s9999||||xx |||||||||||||| ||und|| |
| 020 ## - INTERNATIONAL STANDARD BOOK NUMBER | |
| International Standard Book Number | 978-1-84739-085-1 |
| 041 ## - LANGUAGE CODE | |
| Language code of text/sound track or separate title | ENG |
| 082 ## - DEWEY DECIMAL CLASSIFICATION NUMBER | |
| Classification number | 800 |
| Item number | BH-D |
| 100 ## - MAIN ENTRY--PERSONAL NAME | |
| Personal name | Bhutto,Banazir |
| 245 #0 - TITLE STATEMENT | |
| Title | Daughter of the east |
| 260 ## - PUBLICATION, DISTRIBUTION, ETC. | |
| Date of publication, distribution, etc. | 2008 |
| Place of publication, distribution, etc. | Delhi |
| Name of publisher, distributor, etc. | Pocket Books |
| 300 ## - PHYSICAL DESCRIPTION | |
| Extent | 444 |
| 650 ## - SUBJECT ADDED ENTRY--TOPICAL TERM | |
| Topical term or geographic name entry element | Literature |
| 942 ## - ADDED ENTRY ELEMENTS (KOHA) | |
| Koha item type | Book |
| Withdrawn status | Lost status | Damaged status | Not for loan | Collection | Home library | Current library | Date acquired | Total checkouts | Full call number | Barcode | Date last seen | Date last checked out | Price effective from | Koha item type |
|---|---|---|---|---|---|---|---|---|---|---|---|---|---|---|
| MRSPTU Central Library | MRSPTU Central Library | 1 | 800 BH-D | 20183 | 09/15/2025 | 08/07/2025 | 08/17/2023 | Book |
